[Event "XII Americas Continental-ch 2017"]
[Site "Medellin"]
[Date "2017.06.14"]
[Round "6"]
[White "Panjwani, Raja"]
[Black "Bacallao Alonso, Yusnel"]
[Result "0-1"]
[WhiteElo "2404"]
[BlackElo "2554"]
[Annotator "TA"]
[PlyCount "96"]
[EventDate "2017.??.??"]
[EventType "swiss"]
[EventCountry "COL"]
[SourceTitle "playchess.com"]
[Source "ChessBase"]
[SourceQuality "1"]

{[%evp 17,96,-14,-9,-44,0,-29,-13,-9,0,-3,0,-9,-9,-43,-37,-65,-68,-78,-75,-89,-83,-75,-81,-79,-84,-84,-73,-106,-112,-114,-112,-106,-103,-104,-104,-159,-142,-151,-157,-196,-152,-252,-151,-151,-151,-129,-140,-135,-143,-142,-139,-213,-124,-269,-224,-201,-162,-227,-217,-311,-273,-322,-316,-287,-270,-354,-362,-648,-641,-618,-611,-29990,-29991,-29991,-29992,-29993,-29994,-29994,-29995,-29998,-29999]} 1. Nf3 Nf6 2. c4 e6 3. d4 d5 4. e3 Be7 5. Nc3 O-O 6. Bd3 dxc4 7. Bxc4 a6 8. a4 c5 9. O-O Nc6 {LiveBook: 42 Games} 10. Bd3 {D37: Queen's Gambit Declined: 5 Bf4} (10. dxc5 Bxc5 11. h3 b6 12. e4 Qxd1 13. Rxd1 Bb7 14. e5 Na5 15. Ba2 Ne4 16. Nxe4 Bxe4 17. Be3 Nc6 18. Bxc5 bxc5 {½-½ (64) Zhou,J (2578)-Lysyj,I (2691) China 2015}) 10... Qc7 11. Qe2 Rd8 {[%cal Rc5d4]} 12. dxc5 {The position is equal.} Nb4 $146 ({Predecessor:} 12... Bxc5 13. e4 Ng4 14. g3 Nge5 15. Nxe5 Nxe5 16. Bf4 Bd6 17. Rfd1 Bd7 18. Be3 Nxd3 19. Rxd3 Bc6 20. a5 Qe7 21. Bb6 Bc7 22. Rad1 Rxd3 23. Qxd3 h6 24. Qe3 {½-½ (24) Ortega Serra,M (2173)-Leiro Giralt,D (2242) Llinars del Valles 2010}) 13. Bb1 Qxc5 14. e4 e5 15. Be3 Qa5 $36 {[%mdl 2048] Black has good play.} 16. Nd2 Bg4 17. f3 Be6 18. Nc4 Bxc4 19. Qxc4 Rac8 20. Qe2 Bc5 21. Bxc5 Qxc5+ 22. Qf2 Rd4 23. Re1 Qd6 24. Re2 Nd7 {[%cal Bf6d7,Bd7c5,Bc5b3][%mdl 32]} 25. g3 Nc5 {And now ...Nb3 would win.} 26. Ba2 (26. Ra3 $142) 26... Nxa2 $17 27. Rxa2 Nb3 {White must now prevent ...Nc1.} 28. Rc2 h5 29. Kg2 {[#]} (29. Ra3 $17 Rd1+ 30. Kg2) 29... h4 $1 {[%mdl 512]} 30. Ra3 (30. gxh4 Rd3) 30... Rd3 31. Rxb3 h3+ $1 32. Kxh3 Qe6+ 33. Kg2 Qxb3 34. Rd2 {[#]} (34. Re2 $17 {was called for.}) 34... Rd4 $1 {[%mdl 512]} 35. h4 (35. Re2 $17) (35. Rxd4 exd4) 35... Rxd2 36. Qxd2 $19 {[%mdl 4096] Endgame KQR-KQN} Qb4 37. Kh3 (37. h5 $142) 37... Qd4 38. Qg5 (38. Qe2 {was worth a try.}) 38... Qd7+ $1 39. g4 Qd3 $1 {[%cal Rd3f3]} 40. Kg3 {[#]} Qd4 $1 41. h5 Rc6 ({Weaker is} 41... Qg1+ 42. Kh3 $19) 42. Kg2 $2 {[#]} (42. Qc1 Qxa4 43. Qe1) 42... b5 $1 {[%mdl 512]} 43. axb5 axb5 44. Nd5 {aiming for Ne7+.} Rc2+ {Black mates.} 45. Kh3 Qg1 {[%csl Gc2][%cal Rg1h2]} 46. Ne7+ Kh8 {[%csl Gc2][%cal Rg1h2]} 47. Ng6+ {[#]} Kh7 $1 {[%csl Gc2][%cal Rg1h2]} 48. Qxe5 Qh1+ {Precision: White = 44%, Black = 85%.} 0-1

[Event "XII Americas Continental-ch 2017"]
[Site "Medellin"]
[Date "2017.06.14"]
[Round "6"]
[White "Garcia, Gildardo"]
[Black "Ramirez, Alejandro"]
[Result "0-1"]
[WhiteElo "2396"]
[BlackElo "2552"]
[Annotator "TA"]
[PlyCount "87"]
[EventDate "2017.??.??"]
[EventType "swiss"]
[EventCountry "COL"]
[SourceTitle "playchess.com"]
[Source "ChessBase"]
[SourceQuality "1"]

{[%evp 31,87,0,0,-3,-7,-6,0,0,0,-79,-75,-85,-32,-74,-74,-85,-61,-87,-62,-65,-17,-4,0,0,0,0,0,-87,-86,-134,-79,-79,-79,-79,-79,-80,-79,-81,-87,-87,-88,-274,-245,-222,-210,-290,-261,-302,-288,-285,-268,-6079,-5577,-5322,-5281,-5314,-5285,-3254]} 1. e4 c5 2. Nf3 e6 3. d4 cxd4 4. Nxd4 Nc6 5. Nc3 Qc7 6. Be2 a6 7. O-O Nf6 8. Be3 Be7 9. f4 d6 10. a4 O-O 11. Bf3 Rd8 12. Kh1 Ne5 13. Ndb5 axb5 14. Nxb5 Qc6 {B85: Sicilian Scheveningen: 6 Be2 a6, lines with early Be3} 15. fxe5 dxe5 16. Qe2 b6 {LiveBook: 4 Games. The position is equal.} 17. Qf2 (17. b3 Bb7 18. Rad1 h6 19. Rxd8+ Bxd8 20. Qf2 Kh7 21. Rd1 Be7 22. Bxb6 Nxe4 {½-½ (51) Sikula,V (2540)-Ftacnik,L (2562) Austria 2008}) 17... Nd7 18. b3 Bb7 $146 ({Predecessor:} 18... Ba6 19. c4 Bc5 20. Rfd1 {0-1 (73) Landa Medrano,G (2040)-Palacios,E (2160) Lima 2015}) 19. Rad1 Nc5 20. Bxc5 (20. Be2 $11 f6 21. Nc3) 20... Qxc5 $17 21. Qe2 Qb4 (21... Bc6 $17) 22. g3 Bc6 23. Bg2 Rf8 24. Rb1 Bc5 25. Nc7 Rad8 {[#] Threatens to win with ...Rd2.} 26. Na6 Qd2 27. Qxd2 Rxd2 28. Nxc5 bxc5 29. c3 (29. Kg1 $11 {remains equal.}) 29... Ra8 30. Rbd1 Rxd1 (30... Rb2 $142 31. Rb1 Rc2) 31. Rxd1 {[%mdl 4096] Endgame [#] KRB-KRB} c4 $1 {[%mdl 512]} 32. b4 (32. bxc4 Kf8) 32... Bxa4 33. Ra1 Bc6 34. Rxa8+ Bxa8 {KB-KB} 35. Kg1 Kf8 36. Bf1 $2 (36. Kf2 $17) 36... Bxe4 $19 37. Bxc4 g5 38. Kf2 Ke7 39. Be2 Kd6 40. c4 f5 41. Bf3 $2 (41. Ke3) 41... Bxf3 {Black is clearly winning.} 42. Kxf3 e4+ 43. Ke3 Ke5 44. b5 {Precision: White = 31%, Black = 69%.} 0-1

[Event "XII Americas Continental-ch 2017"]
[Site "Medellin"]
[Date "2017.06.14"]
[Round "6"]
[White "Ynojosa Aponte, Felix Jose"]
[Black "Kaidanov, Gregory S"]
[Result "1-0"]
[WhiteElo "2395"]
[BlackElo "2550"]
[Annotator "TA"]
[PlyCount "77"]
[EventDate "2017.??.??"]
[EventType "swiss"]
[EventCountry "COL"]
[SourceTitle "playchess.com"]
[Source "ChessBase"]
[SourceQuality "1"]

{[%evp 24,77,12,0,0,0,0,0,0,-17,0,0,19,35,172,192,208,175,294,342,337,320,279,235,460,441,555,549,536,521,582,596,613,603,601,578,612,595,598,595,622,552,667,663,700,687,1211,1164,1555,1546,1486,1462,2004,1846,2439,2419]} 1. c4 e6 2. Nc3 d5 3. d4 c6 4. Nf3 Nf6 5. Bg5 dxc4 6. e4 {[%cal Be2e4,Be4e5][%mdl 32]} b5 7. e5 h6 8. Bh4 g5 9. Nxg5 hxg5 10. Bxg5 Nbd7 11. exf6 Qa5 12. Be2 {D44: Semi-Slav: Botvinnik System} Bb7 13. O-O {LiveBook: 13 Games} O-O-O $1 14. Qc2 {The position is equal.} c5 {[#]} 15. d5 $146 ({Predecessor:} 15. a4 b4 16. Ne4 Qc7 17. h4 b3 18. Qb1 cxd4 19. Bxc4 Kb8 {1-0 (31) Pelletier,Y (2591)-Hort,V (2471) Switzerland 2007}) 15... exd5 {...d4 is the strong threat.} 16. Qf5 Bd6 17. h4 Rhe8 {White must now prevent ...d4.} 18. Bf3 $36 {[%mdl 2048] White has good play.} d4 {[#]} (18... Re5 $14 19. Qh7 b4) 19. Bxb7+ $1 $18 Kxb7 20. Qd5+ Kc7 {[#]} (20... Kc8 $142) 21. a4 $1 {[%cal Ba2a4,Ba4b5,Bb5a6][%mdl 32]} (21. Ne4 Nxf6 22. Nxf6 Bh2+ 23. Kxh2 Rxd5 $14) 21... dxc3 22. axb5 Qb6 23. Ra6 ({And not} 23. bxc3 Re6 $11) 23... Re5 $2 (23... Re6 {keeps fighting.}) 24. Qxc4 {White is clearly winning.} Qxa6 25. bxa6 cxb2 26. f4 Re3 27. Rb1 Rb8 28. Qc2 ({Not} 28. Qxf7 Ra3 $16) 28... Reb3 29. h5 {[%cal Bh4h5,Bh5h6,Bh6h7][%mdl 32]} R3b4 30. h6 c4 31. h7 Bc5+ 32. Kh2 Bd4 33. Bh4 c3 34. Be1 Rb3 35. Qd3 c2 36. Qxc2+ Nc5 37. Qc4 Rd3 38. Qxf7+ Kc6 39. Qg8 {Precision: White = 91%, Black = 29%.} 1-0

[Event "XII Americas Continental-ch 2017"]
[Site "Medellin"]
[Date "2017.06.14"]
[Round "6"]
[White "Cori Quispe, Kevin Joel"]
[Black "Cuartas, Jaime Alexander"]
[Result "1-0"]
[WhiteElo "2390"]
[BlackElo "2492"]
[Annotator "TA"]
[PlyCount "67"]
[EventDate "2017.??.??"]
[EventType "swiss"]
[EventCountry "COL"]
[SourceTitle "playchess.com"]
[Source "ChessBase"]
[SourceQuality "1"]

{[%evp 12,67,22,19,7,0,0,0,0,-7,14,-61,-48,-50,-52,-49,-57,-69,-15,-11,-11,-14,-10,-2,-15,-7,-7,-27,0,-45,-30,-61,55,55,74,77,90,90,100,71,195,105,110,102,112,122,241,241,318,300,560,299,742,728,873,837,29994,29995]} 1. e4 e5 2. Nf3 Nc6 3. Bc4 Nf6 4. d3 Bc5 5. O-O O-O 6. Nbd2 {C50: Hungarian Defence and Giuoco Pianissimo} (6. a4 a5 7. Bg5 h6 8. Bh4 Be7 9. Bg3 d6 10. h3 Nd7 11. Re1 Kh8 12. c3 Nb6 13. Bb3 f5 14. exf5 Bxf5 {½-½ (25) Caruana,F (2808)-Aronian,L (2793) Stavanger 2017}) 6... a6 7. c3 {LiveBook: 93 Games} b5 8. Bd5 {The position is equal.} Nxd5 $146 ({Predecessor:} 8... Re8 9. Nb3 Bb6 10. d4 exd4 11. Nbxd4 Nxd5 12. exd5 Nxd4 13. Nxd4 Bb7 14. Qh5 {½-½ (27) Geletzke,H (1262)-Mueller,L (1126) Erfurt 2014}) 9. exd5 Ne7 10. Ne4 Ba7 11. c4 (11. d6 $11 cxd6 12. Nxd6) 11... d6 $15 12. Be3 f5 13. Nc3 b4 14. Ne2 Bxe3 (14... f4 $15 15. Bxa7 Rxa7) 15. fxe3 $11 c6 16. dxc6 Nxc6 17. d4 Bb7 18. Rc1 a5 19. Qc2 Qe7 20. d5 Nd8 21. e4 fxe4 (21... f4 $15) 22. Nd2 $14 Rxf1+ 23. Rxf1 Rc8 {White must now prevent ...Bxd5!} 24. Qxe4 Ne6 25. Qe3 Qg5 {[#]} (25... Nc5 $16) 26. Qxg5 ({White should play} 26. Qf2 $1 $18 {[%cal Rf2f7]} Rf8 27. Qb6) 26... Nxg5 $16 27. Ng3 {And now Nf5 would win.} Nf7 28. Nf5 Rd8 {[#]} (28... Rc7 $16 29. Ne3 g6) 29. Ne4 $1 $18 Rd7 30. Rf3 {aiming for Rg3.} Ba6 $2 (30... Bc8 {is a better defense.} 31. b3 h5) 31. b3 {Threatens to win with Rg3.} a4 $2 (31... Bc8 32. h4 a4 33. bxa4 h5) 32. Rg3 Kf8 33. Rxg7 {Threatening mate with Nf6.} Bxc4 34. Nf6 {Precision: White = 68%, Black = 38%.} 1-0

[Event "XII Americas Continental-ch 2017"]
[Site "Medellin"]
[Date "2017.06.14"]
[Round "6"]
[White "Sanchez, Sebastian Felipe"]
[Black "Morovic Fernandez, Ivan"]
[Result "0-1"]
[WhiteElo "2388"]
[BlackElo "2537"]
[Annotator "TA"]
[PlyCount "93"]
[EventDate "2017.??.??"]
[EventType "swiss"]
[EventCountry "COL"]
[SourceTitle "playchess.com"]
[Source "ChessBase"]
[SourceQuality "1"]

{[%evp 18,93,0,4,6,-7,0,0,0,0,0,0,0,-19,-14,-20,-10,-17,-27,-31,-29,-41,-49,-116,-120,-105,-47,-111,-108,-111,-111,-186,-172,-168,-133,-162,-85,-74,-29,-47,-51,-153,-45,-65,-28,-73,-47,-41,-42,-39,0,-108,-104,-374,-374,-1243,-1240,-1188,-1146,-944,-347,-331,-293,-1611,-439,-527,-527,-518,-518,-516,-511,-467,-460,-1639,-1617,-7512,-6307,-29990]} 1. d4 Nf6 2. c4 e6 3. g3 d5 4. Nf3 Bb4+ 5. Bd2 Bd6 6. Qc2 O-O 7. Bg2 c6 8. O-O Nbd7 9. Bf4 Bxf4 10. gxf4 b6 {E01: Catalan: Early deviations} 11. cxd5 (11. Ne5 Nxe5 12. fxe5 Ng4 13. Nd2 Ba6 14. cxd5 cxd5 15. Nf3 Nh6 16. Bh3 f5 17. Kh1 Kh8 18. Rg1 {½-½ (27) Andreikin,D (2736)-Carlsen,M (2840) Wijk aan Zee 2017}) 11... cxd5 12. Nc3 Bb7 {The position is equal.} 13. e3 Qe7 14. Rfc1 Rfc8 15. Qe2 $146 ({Predecessor:} 15. Qd3 Ne4 16. Ne5 Nd6 17. Nxd7 Qxd7 18. a4 {0-1 (59) Chapman,T (2233)-Hovhannisyan,R (2630) London 2016}) 15... Ne4 16. Nxe4 dxe4 17. Nd2 f5 18. a3 Nf6 19. Bf1 Kh8 20. Kh1 (20. Rxc8+ $15 Rxc8 21. Nc4) 20... Rg8 $17 21. Bh3 Nd5 (21... g5 $17 22. fxg5 Rxg5) 22. Rg1 (22. Nc4 $1 $15) 22... Rac8 {...Rc2 is the strong threat.} 23. Nc4 Ba6 24. Rac1 (24. b3 $17) 24... Rc7 $19 25. b3 Rgc8 {And now ...b5 would win.} 26. a4 g6 (26... Nb4 $1 $19 27. Bf1 Nd3) 27. Bf1 $17 Qb4 28. Qa2 Kg7 29. Be2 {[#]} (29. Ra1 $15) 29... Bb7 (29... b5 $1 $17 {[%cal Rb5c4]} 30. axb5 Bxb5) 30. Qb2 $15 a5 {[%cal Ba7a5,Ba5a4,Ba4a3][%mdl 32]} 31. Rc2 Ba6 $36 {[%mdl 2048] White must now prevent ...b5. Black has some pressure.} 32. Rgc1 Kf8 33. Kg1 b5 34. axb5 (34. Ne5 $1 $11) 34... Bxb5 $17 {Strongly threatening ...a4.} 35. Bf1 $2 {[%mdl 8192] [#]} (35. Qa2 $17 {is the only way for White.}) 35... a4 $1 $19 {[%cal Ra4b3]} 36. Ne5 $2 (36. bxa4 Qxb2 37. Rxb2 Bxc4 38. a5) 36... a3 37. Rxc7 Rxc7 ({Worse is} 37... axb2 38. Rf7+ Kg8 39. Rxc8+ Be8 40. Rxe8+ Qf8 41. Rexf8#) 38. Qa1 Bxf1 $2 (38... Rxc1 39. Qxc1 Bxf1 40. Kxf1 a2) 39. Rxc7 Nxc7 40. Nc6 $2 (40. Kxf1 Nb5 41. Nd7+ Ke8 42. Nc5) 40... Qd6 (40... Qxb3 $142 41. Qc1 Bb5) 41. d5 {Threatens to win with Qh8+.} Kg8 {aiming for ...Bh3.} 42. Kxf1 Nxd5 43. Nd4 Qa6+ 44. Kg2 a2 45. Nc2 (45. Nxe6 $142 Qxe6 46. Qxa2) 45... Qe2 46. Qe5 Kf7 47. Kg1 {Precision: White = 34%, Black = 58%.} 0-1

[Event "XII Americas Continental-ch 2017"]
[Site "Medellin"]
[Date "2017.06.14"]
[Round "7"]
[White "Iturrizaga Bonelli, Eduardo"]
[Black "Terry, Renato"]
[Result "1-0"]
[WhiteElo "2663"]
[BlackElo "2454"]
[Annotator "TA"]
[PlyCount "115"]
[EventDate "2017.??.??"]
[EventType "swiss"]
[EventCountry "COL"]
[SourceTitle "playchess.com"]
[Source "ChessBase"]
[SourceQuality "1"]

{[%evp 20,115,22,10,43,26,39,47,85,85,86,83,79,62,79,67,79,75,72,77,90,84,114,103,110,81,116,106,104,114,116,112,112,112,112,112,112,112,112,112,112,112,117,116,122,102,102,102,102,0,112,96,126,126,164,150,171,171,171,171,171,171,201,164,156,126,225,225,295,291,6085,6412,6406,6078,29966,12772,29969,29970,29970,29971,29971,29972,29972,29973,29973,29974,29974,29975,29975,29976,29976,29977,29977,29978,29978,29979,29979,29980]} 1. d4 e6 2. Bf4 Nf6 3. e3 c5 4. c3 d5 5. Nd2 Bd6 6. Bg3 Nc6 7. Ngf3 {[%cal Bg1f3,Bf3e5,Be5g6][%mdl 32]} Bxg3 8. hxg3 Qd6 9. Bb5 Bd7 {D02: 1 d4 d5 2 Nf3 sidelines, including 2...Nf6 3 g3 and 2...Nf6 3 Bf4} 10. Bxc6 (10. a4 h6 11. Qe2 a6 12. Bxc6 Bxc6 13. Ne5 Nd7 14. f4 Nxe5 15. fxe5 Qe7 16. Qg4 f5 17. Qh5+ Kd8 18. a5 c4 19. Kf2 {½-½ (19) Bachmann,A (2646)-Milov,V (2604) Chartres 2017}) 10... Bxc6 11. Ne5 {LiveBook: 19 Games} cxd4 {The position is equal.} 12. exd4 Nd7 13. Ndf3 f6 14. Ng6 $1 {[%cal Rg6h8]} Rg8 15. Rxh7 O-O-O 16. Qd2 Nf8 $146 ({Predecessor:} 16... Rde8 17. O-O-O {1-0 (36) Calvo Alfonso,V (2202)-Angullo Gil,J (2151) Valencia 2009}) 17. Nxf8 Rdxf8 18. O-O-O Be8 19. Qd3 Qc6 20. Re1 Bf7 21. g4 Qe8 {aiming for ...Bg6.} 22. Rh3 Rh8 23. Nh4 {[%cal Bf3h4,Bh4g6,Bg6f4][%mdl 32]} Qa4 24. Ng6 Rxh3 25. gxh3 Re8 26. a3 Qc4 27. Nf4 Qxd3 28. Nxd3 $16 {[%mdl 4096] Endgame KRB-KRN} Rh8 29. Re3 b6 30. Kd2 Kd7 31. Ke2 Kd6 32. Kf1 Bg6 33. Nf4 Bf7 34. Nd3 Bg6 $1 35. Kg2 a5 36. Kg3 a4 37. h4 Bxd3 38. Rxd3 {KR-KR} g6 39. Rd1 b5 40. Rh1 Ke7 41. Rh2 Kf7 42. f3 {[%cal Bf2f3,Bf3f4,Bf4f5,Bf5f6][%mdl 32]} Ke7 (42... Kg7 $16 {was worth a try.} 43. h5 gxh5) 43. h5 $18 gxh5 44. Rxh5 ({Weaker is} 44. gxh5 Rg8+ 45. Kf2 Rh8 $16) 44... Rxh5 $2 (44... Rg8 45. Rh7+ Kd6) 45. gxh5 {KP-KP} Kf7 {[#]} 46. Kg4 $1 Kg7 {[#]} 47. f4 $1 {[%cal Rf4f5]} Kh6 48. f5 {White mates.} e5 49. dxe5 fxe5 50. f6 e4 51. Kf4 Kh7 52. Ke3 Kh6 53. Kd2 Kh7 54. Kc2 Kh6 55. b3 axb3+ 56. Kxb3 Kh7 57. Kc2 Kh6 58. Kd2 {Precision: White = 84%, Black = 53%.} 1-0

[Event "XII Americas Continental-ch 2017"]
[Site "Medellin"]
[Date "2017.06.14"]
[Round "7"]
[White "Cordova, Emilio"]
[Black "Leiva, Giuseppe"]
[Result "1-0"]
[WhiteElo "2651"]
[BlackElo "2449"]
[Annotator "TA"]
[PlyCount "59"]
[EventDate "2017.??.??"]
[EventType "swiss"]
[EventCountry "COL"]
[SourceTitle "playchess.com"]
[Source "ChessBase"]
[SourceQuality "1"]

{[%evp 21,59,0,35,-18,-16,-20,18,-11,4,-2,-20,-35,10,-93,21,30,27,33,45,36,50,47,57,35,65,68,173,164,144,133,113,130,216,211,216,220,362,357,357,334]} 1. Nf3 Nf6 2. c4 b6 3. d4 e6 4. g3 Bb4+ 5. Bd2 Be7 6. Bg2 c6 7. Qc2 d5 8. O-O O-O 9. Rd1 Nbd7 10. b3 Ba6 11. a4 Rc8 12. Na3 {E15: Queen's Indian: 4 g3 sidelines, 4 g3 Ba6 and 4 g3 Bb7 early deviations} (12. a5 $14) (12. a5 c5 13. axb6 Qxb6 14. Qa2 Bb7 15. Ba5 Qa6 16. Qb2 dxc4 17. bxc4 Bxf3 18. Bxf3 cxd4 19. Bd8 Qd6 20. Bxe7 Qxe7 21. Rxa7 {1-0 (38) Wang,Y (2718)-Wang,H (2717) Huaian 2016}) 12... Ne4 $11 13. Be1 Bd6 14. b4 {The position is equal.} (14. a5 $5) 14... Qe7 $146 ({Predecessor:} 14... c5 15. dxc5 bxc5 16. cxd5 exd5 17. Nb5 cxb4 18. Qb3 Bxb5 19. axb5 Ndf6 20. Bxb4 Bxb4 21. Qxb4 {½-½ (28) Konopka,M (2448)-Galdunts,S (2464) Germany 2010}) 15. c5 Bb8 16. Qb2 f5 17. Rdc1 (17. b5 $11 {remains equal.} Bb7 18. cxb6 axb6 19. bxc6 Rxc6 20. Rdc1) 17... Qf6 (17... bxc5 $17 18. dxc5 Bb7) 18. b5 $36 {[%mdl 2048] White fights for an advantage.} Bb7 {[%cal Rb6c5]} 19. cxb6 axb6 20. bxc6 Bxc6 21. Nb5 f4 22. Rc2 fxg3 23. hxg3 g5 {[#]} (23... Bb7 $14) 24. Rac1 $1 $18 Bb7 {next ...Rxc2 is good for Black.} 25. Rxc8 Bxc8 26. Bb4 g4 (26... Rd8 $16 {was necessary.}) 27. Bxf8 Qxf8 28. Qa3 gxf3 (28... Qxa3 {is a better defense.} 29. Nxa3 Ba6) 29. Qxf8+ ({Not} 29. exf3 Qxa3 30. Rxc8+ {[#]} Qf8 $1 $16 {[%mdl 512]}) 29... Nxf8 30. exf3 {Precision: White = 60%, Black = 21%.} ({Weaker is} 30. Rxc8 fxe2 31. Rc1 Nxg3 $16) 1-0

[Event "XII Americas Continental-ch 2017"]
[Site "Medellin"]
[Date "2017.06.14"]
[Round "7"]
[White "Bruzon Batista, Lazaro"]
[Black "Garcia Pantoja, Roberto"]
[Result "1-0"]
[WhiteElo "2650"]
[BlackElo "2500"]
[Annotator "TA"]
[PlyCount "115"]
[EventDate "2017.??.??"]
[EventType "swiss"]
[EventCountry "COL"]
[SourceTitle "playchess.com"]
[Source "ChessBase"]
[SourceQuality "1"]

{[%evp 15,115,19,16,15,25,20,18,22,26,29,29,24,29,24,25,25,34,29,32,21,20,29,28,21,18,26,28,30,30,34,35,38,45,35,39,25,23,25,38,26,56,56,96,108,138,104,104,108,107,107,127,131,101,120,114,85,65,73,93,86,58,57,79,68,64,66,68,89,66,69,69,75,75,82,82,60,73,68,80,68,98,103,862,859,790,767,591,277,6597,6411,29974,29974,29976,29977,29976,29978,29977,29979,29979,29980,29980,29981]} 1. d4 d5 2. c4 e6 3. Nc3 Nf6 4. Nf3 Be7 5. Qc2 O-O 6. cxd5 exd5 7. Bg5 c6 8. e3 h6 9. Bf4 {D36: Queen's Gambit Declined: Exchange Variation: Main line (5 Bg5 c6 6 Qc2)} Bd6 (9... b6 10. Bd3 Bb7 11. O-O c5 12. Rad1 Nc6 13. Bf5 c4 14. a3 Bd6 15. Be5 Be7 16. Qe2 a6 {1-0 (48) Gareev,T (2609)-Kumar,N (2397) Cocoa Beach 2017}) 10. Bxd6 Qxd6 11. Bd3 {The position is equal.} Be6 12. O-O Nbd7 13. Rfc1 $146 ({Predecessor:} 13. b4 b5 14. a4 a6 15. Rfb1 Nb6 16. h3 Nc4 17. Qa2 Rab8 18. axb5 axb5 {1-0 (33) Mkrtchian,L (2484)-Yakovleva,T (2124) Plovdiv 2010}) 13... Rfe8 14. a3 a5 15. Rab1 Bg4 16. Nd2 Be6 17. Na4 Rec8 18. h3 b5 19. Nc5 Nxc5 20. Qxc5 Qxc5 21. Rxc5 Nd7 22. Rc2 Nb6 23. Nb3 Nc4 24. Nc5 a4 25. Re1 Re8 26. f3 {[%cal Bf2f3,Bf3f4][%mdl 32]} Rad8 27. Kf2 Bc8 28. e4 Nb6 29. e5 Nd7 30. f4 Nxc5 31. Rxc5 Bd7 32. g4 Rb8 33. Bf5 Bxf5 34. gxf5 $16 {[%mdl 4096] Endgame KRR-KRR} b4 35. Rec1 bxa3 36. bxa3 Rb2+ 37. R1c2 Rb3 38. R2c3 Rb2+ 39. Kf3 Rd2 40. Rxc6 Rxd4 41. Rc7 g5 42. fxg6 $1 fxg6 43. R3c6 $1 {[%cal Rc6g6]} g5 44. Rg6+ ({Don't play} 44. Rxh6 Rxf4+ 45. Kg3 Rxe5 $11) 44... Kf8 {[#]} 45. Rf6+ $1 Kg8 46. h4 ({But not} 46. Rxh6 Rxf4+ 47. Kg3 Rc4 $11) 46... gxf4 47. Rg6+ ({Reject} 47. Rxh6 Rxe5 48. Rg6+ Kf8 $11) 47... Kf8 48. Rxh6 {[%cal Rh6h8]} Re7 $2 {[%mdl 8192]} (48... Kg8 $16) 49. Rh8+ $18 Kg7 50. Rxe7+ Kxh8 {KR-KR} 51. h5 (51. Rd7 $142 {e6 is the strong threat.} Re4 52. Rxd5 Re3+ 53. Kxf4 Rxa3 54. Rd7) 51... Rd3+ $2 (51... Re4 52. e6 Kg8) 52. Kxf4 Rxa3 53. e6 {[%cal Be5e6,Be6e7][%mdl 32] White mates.} d4 54. Rd7 Re3 {[#]} 55. e7 $1 Kg8 56. h6 {[%cal Bh5h6,Bh6h7][%mdl 32]} Kf7 57. h7 Rh3 58. Rd8 {Precision: White = 70%, Black = 54%.} 1-0

[Event "XII Americas Continental-ch 2017"]
[Site "Medellin"]
[Date "2017.06.14"]
[Round "7"]
[White "Kovalyov, Anton"]
[Black "Barrientos, Sergio E"]
[Result "1/2-1/2"]
[WhiteElo "2643"]
[BlackElo "2463"]
[Annotator "TA"]
[PlyCount "38"]
[EventDate "2017.??.??"]
[EventType "swiss"]
[EventCountry "COL"]
[SourceTitle "playchess.com"]
[Source "ChessBase"]
[SourceQuality "1"]

{[%evp 12,38,16,13,18,17,21,20,16,-6,0,-27,-18,-45,-44,-48,-51,-56,-61,-88,-85,-81,-72,-110,-85,-95,-91,-102,-35]} 1. c4 Nf6 2. Nc3 e6 3. Nf3 Bb4 4. Qc2 d6 5. g3 O-O 6. Bg2 e5 7. O-O {LiveBook: 4 Games} Bxc3 {A22: English Opening: 1...e5 2 Nc3 Nf6} 8. Qxc3 a5 $146 ({Predecessor:} 8... Re8 9. d3 Nc6 10. b4 Bg4 11. b5 Bxf3 12. exf3 {½-½ (35) Iturrizaga Bonelli,E (2625)-Pena Gomez,M (2462) Linares 2015}) 9. d3 Re8 {The position is equal.} 10. e4 c5 11. Nh4 Nc6 12. f4 Nd4 13. Kh1 b5 {[%cal Bb7b5,Bb5b4][%mdl 32]} 14. b3 a4 $36 {[%mdl 2048] Black has good play.} 15. fxe5 b4 {Black is better.} ({Of course not} 15... Rxe5 $6 16. cxb5 Bg4 17. Bf4 $11) 16. Qb2 dxe5 17. Be3 Ra6 18. h3 Nh5 19. Kh2 a3 {Precision: White = 53%, Black = 70%.} (19... Be6 $17) 1/2-1/2